Maďarsko-slovenský a slovensko-maďarský technický slovník

Guardado en:
Detalles Bibliográficos
Formato: Libro
Lenguaje:húngaro
eslovaco
Publicado: Bratislava Alfa 1989
Edición:1. vyd.
Colección:Edícia prekladových slovníkov
Etiquetas: Agregar Etiqueta
Sin Etiquetas, Sea el primero en etiquetar este registro!

MARC

LEADER 00000nam a2200000 4500
001 c024018
005 20221215070813.8
041 0 |a hun 
041 0 |a slo 
044 |a SK 
245 1 0 |a Maďarsko-slovenský a slovensko-maďarský technický slovník 
250 |a 1. vyd. 
264 1 |a Bratislava  |b Alfa  |c 1989 
300 |a 957 s. 
490 1 |a Edícia prekladových slovníkov 
830 0 |a Edícia prekladových slovníkov